| 000 | 00406nam a2200157 i 4500 | ||
|---|---|---|---|
| 001 | 146958 | ||
| 003 | ES-MaACL | ||
| 005 | 20230906201740.0 | ||
| 007 | t| | ||
| 008 | 070920s1935 ag ||||1| spa d | ||
| 100 | 1 |
_aTurbula, Ismael de. _9111697 |
|
| 245 | 1 | 0 |
_aAdivinanzas / _cIsmael de Turbula. |
| 260 |
_aBuenos Aires : _bA. Garcia y C. |
||
| 300 |
_a45 p. ; _c25 cm. |
||
| 852 |
_aES-MaACL _j1807-F-17 |
||
| 999 |
_c146958 _d146958 |
||